00582cam a22001692 4500001001100000005001700011008004100028040001500069110006100084245007700145250001300222260004200235300001800277610005900295610005500354852000300409000002479120151217155916.0140212s xx 000 0 eng d aKABUcKABU2 aKenya.bMinistry of Devolution and Planning.@000018505810aBusia County development profile /cMinistry of Devolution and Planning. a1st ed. aNairobi :bGovernment Printer,c2013. axvii, 132 p.20aBusia County (Kenya)xEconomic conditions.@000018506220aBusia County (Kenya)xEconomic policy.@00001850621